000 00444nam a2200145Ia 4500
008 230917s9999||||xx |||||||||||||| ||und||
040 _e5017180
_aMAIN
041 _aEnglish
082 _a891.431721 VH58:HL
100 _aहेमलता
245 0 _aहरिशचंद्र वर्मा के काव्य का शैलीवैज्ञानिक अध्ययन
260 _c2020
300 _a317 p.
942 _cBK
999 _c10960
_d10960